Drapeaux en 30 secondes #3 - Statistiques

Statistiques générales
  • Ce quiz a été pris 301 fois
  • Le résultat moyen est 10 sur 15
Statistiques - réponses
Hint Réponse % Correct
Russie 🇷🇺
80%
Danemark 🇩🇰
80%
Grece 🇬🇷
77%
Roumanie 🇷🇴
75%
Ukraine 🇺🇦
75%
Bulgarie 🇧🇬
71%
Malte 🇲🇹
70%
Estonie 🇪🇪
67%
Moldavie 🇲🇩
67%
Kosovo 🇽🇰
64%
Liechtenstein 🇱🇮
62%
Biélorussie 🇧🇾
61%
Lituanie 🇱🇹
57%
Lettonie 🇱🇻
43%
Montenegro 🇲🇪
43%
Aucun quiz correspondant
Distribution des résultats
% des personnes avec chaque résultat
Percentile par nombre de réponses
Votre historique - résultats
Vous n’avez pas pris ce quiz